000 00898nam a22001937a 4500
003 BR-ViAPE
005 20260417153630.0
008 260417s1944 por gs||||s000 0 por d
040 _cBR-ViAPE
110 _aEspírito Santo
_bEstado
245 _aRelatório apresentado ao Excelentíssimo Senhor Interventor Federal Doutor Jones dos Santos Neves, pelo professor João Ribas da Costa, diretor geral. Ano de 1944.
260 _a[s.l.]
_b[s.n.]
_c1944
300 _a110 p.
_bDocumento digitalizado (PDF)
500 _aDocumento digitalizado do acervo institucional do Arquivo Público do Estado do Espírito Santo - APEES.
650 _xAdministração pública
_zEspírito Santo
651 _aEspírito Santo
_xRelatórios governamentais
856 _uhttps://ape.es.gov.br/Media/ape/PDF/Relatorios/1941/relatorio2%20-%20ano%201944.pdf
_yCLIQUE AQUI PARA ACESSAR O DOCUMENTO
942 _2ddc
_cMSGREL
_n1
999 _c519
_d519